[Event "Capablanca Memorial Premier II 34th"]
[Site "Havana"]
[Date "1999.05.17"]
[Round "9"]
[White "Perez Rodriguez, Luis Manuel"]
[Black "Schussler, Harry"]
[Result "1/2-1/2"]
[WhiteElo "2402"]
[BlackElo "2455"]
[PlyCount "29"]
[EventDate "1999.05.??"]
[EventType "tourn"]
[EventRounds "13"]
[EventCountry "CUB"]
[EventCategory "8"]
[SourceTitle "CBM 070 Extra"]
[Source "ChessBase"]
[SourceDate "1999.07.10"]
[SourceVersion "1"]
[SourceVersionDate "1999.07.10"]
[SourceQuality "1"]

1. e4 c6 2. d4 d5 3. Nd2 dxe4 4. Nxe4 Bf5 5. Ng3 Bg6 6. h4 h6 7. Nf3 Nd7 8. h5 Bh7 9. Bd3 Bxd3 10. Qxd3 e6 11. Rh4 Ngf6 12. Bd2 Qc7 13. 0-0-0 0-0-0 14. Kb1 Kb8 15. Bf4 1/2-1/2